Los seguros de personas
-д хадгалсан:
| Үндсэн зохиолч: | |
|---|---|
| Формат: | Ном |
| Хэл сонгох: | испани |
| Хэвлэсэн: |
Santiago
Legal Publishing
2018
|
| Хэвлэл: | 1a. ed |
| Цуврал: | Monografías
|
| Нөхцлүүд: | |
| Шошгууд: |
Шошго нэмэх
Шошго байхгүй, Энэхүү баримтыг шошголох эхний хүн болох!
|
MARC
| LEADER | 00000cam a2200000 a 4500 | ||
|---|---|---|---|
| 001 | UCC4057 | ||
| 003 | CL-VaPUC | ||
| 008 | 180706e20180000cl |||||||||||||||||spa|d | ||
| 020 | |a 9789563469561 | ||
| 082 | 0 | 4 | |a 346.83086 |b NAS |2 21 |
| 100 | |a Nasser Olea, Marcelo |e autor |9 598195 | ||
| 245 | 1 | 4 | |a Los seguros de personas |
| 250 | |a 1a. ed | ||
| 300 | |a 431 p | ||
| 942 | |c BK | ||
| 945 | |d 20180706 14:40:00 |a dcastane | ||
| 260 | |a Santiago |b Legal Publishing |c 2018 | ||
| 650 | 0 | |a Seguro de vida |9 762928 | |
| 650 | 0 | |a Contratos de seguros |9 545306 | |
| 650 | 7 | |a POLIZAS |2 CL-VaPUC |9 399482 | |
| 583 | |a last modification |c 20190618 12:07:59 |k Rodrigo Vera | ||
| 490 | 0 | |a Monografías | |
| 999 | |c 371664 |d 371662 | ||
| 952 | |0 0 |1 0 |3 erb |4 0 |6 346_830860000000000_NAS_2018 |7 0 |8 A |9 488738 |a BIBDER |b BIBDER |i 547907K |l 2 |o 346.83086 NAS 2018 |p 547907K |r 2023-01-25 |s 2021-10-08 |w 2019-11-24 |y BK |z Catalogado en:20180706 |k DER | ||
| 952 | |0 0 |1 0 |3 erb |4 0 |6 346_830860000000000_NAS_2018 |7 0 |8 A |9 488739 |a BIBDER |b BIBDER |i 5590442 |l 4 |m 2 |o 346.83086 NAS 2018 |p 5590442 |r 2025-04-01 |s 2025-04-01 |w 2019-11-24 |y BK |z Catalogado en:20190531 |k DER | ||